| 000 | 00975nam a2200277 i 4500 | ||
|---|---|---|---|
| 003 | EG-ScBUE | ||
| 005 | 20240604141717.0 | ||
| 008 | 100203s1913 enk f 000 0 eng d | ||
| 040 |
_aEG-ScBUE _beng _erda _cEG-ScBUE _dEG-ScBUE |
||
| 041 | 1 |
_aeng _hfre |
|
| 043 | _aa-tu--- | ||
| 082 | 0 | 4 |
_222 _a956.101 _bSAN |
| 100 | 1 |
_910893 _aSands, Bedwin, _eauthor. |
|
| 245 | 1 | 0 |
_aTurkey in agony / _cby Bedwin Sands ; translated from the French of Pierre Loti, member of the Academic Francaise. |
| 264 | 1 |
_aLondon : _bAfrican Times and Orient Review, _c1913. |
|
| 300 |
_a202 pages ; _c19 cm |
||
| 336 |
_2rdacontent _atext _btxt |
||
| 337 |
_aunmediated _2rdamedia _bn |
||
| 338 |
_avolume _bnc _2rdacarrier |
||
| 546 | _aText in English ; translated from the original French. | ||
| 651 | 7 |
_910746 _aTurkey _xHistory. _2BUEsh |
|
| 655 | _vReading book | ||
| 700 | 1 |
_910900 _aLoti, Pierre, _d1850-1923, _etranslator. |
|
| 942 |
_2ddc _cBB |
||
| 999 |
_c13264 _d13264 |
||